000 00586nam a22001937a 4500
999 _c15596
_d15596
003 AR-CdUCM
008 190429b ||||| |||| 00| 0 spa d
040 _aMUNICIPALIDAD PROVINCIAL DEL CUSCO
_cBIBLIOTECA MUNICIPAL DEL CUSCO
082 _aPI / 372.41 /
_bAN61
245 _aAnimales en Jauja /
260 _aPerĂº :
_bNavarrete.
300 _bilustraciones,
_c32 cm.
650 _aCuentos infantiles
_93927
650 _aPrimera infancia
_924660
650 _aLiteratura infantil
_9588
710 _aEditorial Navarrete.
_918381
942 _2ddc
_cLIBROS
945 _aachl
_d2019-04-29